000 00387cam a2200157ua 4500
003 OSt
008 200625b ||||| |||| 00| 0 eng d
041 _aeng
082 _a631.372
_bJAI/FA
100 _aJain, S C.
_94639
245 _aFarm Tractor,Power Tiller:
_bMaintenance and Repair
250 _a4
260 _aNew delhi
_bStandard publishers
_c2019
300 _a366
942 _cBK
999 _c11345
_d11345